Mάνατζμεντ / Θεωρητικο Υποβαθρο - Συχρονες Πρακτικες (Record no. 2715)
[ view plain ]
| 000 -LEADER | |
|---|---|
| fixed length control field | 02063cam a22002054a 4500 |
| 005 - ΗΜΕΡΟΜΗΝΙΑ ΚΑΙ ΩΡΑ ΤΕΛΕΥΤΑΙΑΣ ΕΝΗΜΕΡΩΣΗΣ | |
| Πεδίο ελέγχου | 20250605164051.0 |
| 008 - FIXED-LENGTH DATA ELEMENTS--GENERAL INFORMATION | |
| Πεδίο ελέγχου σταθερού μήκους | 250528s ||||||||||||||||||||||||d |
| 035 ## - SYSTEM CONTROL NUMBER | |
| System control number | 17287 |
| 020 ## - ISBN | |
| ISBN | 9608249236 |
| 040 ## - ΠΗΓΗ ΚΑΤΑΛΟΓΟΓΡΑΦΗΣΗΣ | |
| Φορέας πρωτότυπης καταλογογράφησης | MC Athens Campus Library |
| Γλώσσα καταλογογράφησης | Ελληνικά, Μοντέρνα (1453-) |
| Modifying agency | MC Athens Campus Library |
| Κανόνες περιγραφικής καταλογογράφησης | AACR2 |
| 245 1# - ΤΙΤΛΟΣ ΚΑΙ ΔΗΛΩΣΗ ΥΠΕΥΘΥΝΟΤΗΤΑΣ | |
| Τίτλος | Mάνατζμεντ / Θεωρητικο Υποβαθρο - Συχρονες Πρακτικες |
| 250 ## - EDITION STATEMENT | |
| Edition statement | 1η |
| 260 ## - PUBLICATION, DISTRIBUTION, ETC. | |
| Name of publisher, distributor, etc. | Γ. Μπένου, |
| Date of publication, distribution, etc. | 2002 |
| 300 ## - PHYSICAL DESCRIPTION | |
| Extent | 616 |
| 520 ## - SUMMARY, ETC. | |
| Summary, etc. | Πρόλογος, Εισαγωγή στο Mάνατζμεντ, Εισαγωγικές Έννοιες της Οργάνωσης - Επιχείρησης, Εισαγωγή στο Mάνατζμεντ, Προγραμματισμός και Λήψη Αποφάσεων, Οργανωτική Θεωρία και Σχεδιασμός, Βασικά Στοιχεία Οργανωτικής Θεωρίας, Βασικά Θέματα Οργανωτικού Σχεδιασμού, Οργανωσιακή Συμπεριφορά, Εισαγωγικά Στοιχεία Οργανωσιακής Συμπεριφοράς, Ηγεσία, Δυναμική Ομάδων, Επικοινωνία, Νέες Προκλήσεις και Σύγχρονες Προσεγγίσεις του Mάνατζμεντ, Από την Προσαρμογή στη Δημιουργία του Περιβάλλοντος, Σύγχρονες Τάσεις στη Διοίκηση των Επιχειρήσεων, Μαθησιακή Οργάνωση, Διοίκηση Γνώσης, Ενδυνάμωση (Empowerment), Συναισθηματική Νοημοσύνη, Διοίκηση Ολικής Ποιότητας, Ανασχεδιασμός Επιχειρησιακών Διεργασιών (Business Process Reengineering), Συγκριτική Αξιολόγηση (Benchmarking), Ισορροπημένη Κάρτα (Balanced Scorecard), Οργανωσιακή Κουλτούρα, Διοίκηση Αλλαγών, Βιβλιογραφία. |
| 700 1# - ΠΡΟΣΘΕΤΗ ΑΝΑΓΡΑΦΗ--ΦΥΣΙΚΟ ΠΡΟΣΩΠΟ | |
| Personal name | Μπουραντάς Δημήτρης |
| 9 (RLIN) | 1036 |
| 942 ## - ADDED ENTRY ELEMENTS (KOHA) | |
| Koha item type | Books |
| Τύπος τεκμηρίου | Βιβλιοθήκη | Τρέχουσα τοποθεσία | Barcode | Αριθμός εισαγωγής | Ημερομηνία απόκτησης | Ταξιθετικό σύμβολο | Αριθμός αντιτύπου | Κατάσταση απόσυρσης | Κατάσταση χαμένου | Κατάσταση κατεστραμμένου | Μη δανεισμός | Σύνολο δανεισμών | Ημερομηνία τελευταίας εμφάνισης | Η τιμή ισχύει από |
|---|---|---|---|---|---|---|---|---|---|---|---|---|---|---|
| Books | MC Athens Campus Library | MC Athens Campus Library | 9780000027146 | 954 | 05/06/2025 | 658 BOU | 2 | 05/06/2025 | 05/06/2025 |